<?xml version="1.0" encoding="UTF-8"?>
<record
    xmlns:xsi="http://www.w3.org/2001/XMLSchema-instance"
    xsi:schemaLocation="http://www.loc.gov/MARC21/slim http://www.loc.gov/standards/marcxml/schema/MARC21slim.xsd"
    xmlns="http://www.loc.gov/MARC21/slim">

  <leader>01110nam a22002537a 4500</leader>
  <controlfield tag="003">BPGM</controlfield>
  <controlfield tag="005">20260618194923.0</controlfield>
  <controlfield tag="008">260618b2020    mx ||||| |||| 001 0 spa d</controlfield>
  <datafield tag="020" ind1=" " ind2=" ">
    <subfield code="a">978-607-7619-94-9</subfield>
  </datafield>
  <datafield tag="040" ind1=" " ind2=" ">
    <subfield code="b">spa</subfield>
  </datafield>
  <datafield tag="041" ind1=" " ind2=" ">
    <subfield code="a">spa</subfield>
    <subfield code="h">spa</subfield>
  </datafield>
  <datafield tag="082" ind1="0" ind2="4">
    <subfield code="2">2020</subfield>
    <subfield code="a">CQ 808.81 /</subfield>
    <subfield code="b">A48</subfield>
  </datafield>
  <datafield tag="100" ind1=" " ind2=" ">
    <subfield code="a">AGUIRRE, LUIS ENRIQUE </subfield>
  </datafield>
  <datafield tag="245" ind1=" " ind2=" ">
    <subfield code="a">T&#xC1;NATOS ENMASCARADO </subfield>
  </datafield>
  <datafield tag="260" ind1=" " ind2=" ">
    <subfield code="a">QUERETARO</subfield>
    <subfield code="b">FONDO EDITORIAL QUERETARO</subfield>
    <subfield code="c">2020</subfield>
  </datafield>
  <datafield tag="300" ind1=" " ind2=" ">
    <subfield code="a"> 81 p&#xE1;ginas </subfield>
    <subfield code="c">21.3 cm x 13.9 cm </subfield>
  </datafield>
  <datafield tag="336" ind1=" " ind2=" ">
    <subfield code="2">rdacontent</subfield>
    <subfield code="a">texto</subfield>
    <subfield code="b">txt</subfield>
  </datafield>
  <datafield tag="337" ind1=" " ind2=" ">
    <subfield code="2">rdamedia</subfield>
    <subfield code="a">sin mediaci&#xF3;n</subfield>
    <subfield code="b">n</subfield>
  </datafield>
  <datafield tag="338" ind1=" " ind2=" ">
    <subfield code="2">rdacarrier</subfield>
    <subfield code="a">volumen </subfield>
    <subfield code="b">nc</subfield>
  </datafield>
  <datafield tag="505" ind1=" " ind2=" ">
    <subfield code="a">T&#xC1;NATOS ENMASCARADO DE LUIS ENRIQUE AGUIRRE ES UNA HISTORIA DE SUSPENSO Y TERROR PSICOL&#xD3;GICO QUE GIRA EN TORNO A UN CRIMEN SEGUIDO DE UNA COMPLEJA INVESTIGACI&#xD3;N POLICIAL.
EL ARGUMENTO COMIENZA CON EL ASESINATO DE UN RECONOCIDO PSIQUIATRA. LA PARTICULARIDAD DEL CRIMEN ES QUE EL CUERPO ES ENCONTRADO CON UNA M&#xC1;SCARA, LO QUE SE CONVIERTE EN LA FIRMA DEL ASESINO Y EN LA PRIMERA PISTA DEL CASO.</subfield>
  </datafield>
  <datafield tag="650" ind1=" " ind2=" ">
    <subfield code="a">LITERATURA RETORICA</subfield>
  </datafield>
  <datafield tag="650" ind1=" " ind2=" ">
    <subfield code="a">RETORICA Y COLECCIONES DE LITERATURA</subfield>
  </datafield>
  <datafield tag="942" ind1=" " ind2=" ">
    <subfield code="2">ddc</subfield>
    <subfield code="c">COLQ</subfield>
  </datafield>
  <datafield tag="952" ind1=" " ind2=" ">
    <subfield code="0">0</subfield>
    <subfield code="1">0</subfield>
    <subfield code="2">ddc</subfield>
    <subfield code="4">0</subfield>
    <subfield code="7">2</subfield>
    <subfield code="8">ESPQ</subfield>
    <subfield code="a">BPCEFC</subfield>
    <subfield code="b">BPCEFC</subfield>
    <subfield code="c">SALA QUER&#xC9;TARO ACCESO B PLANTA ALTA</subfield>
    <subfield code="d">2026-06-18</subfield>
    <subfield code="e">DONADO</subfield>
    <subfield code="l">0</subfield>
    <subfield code="o">CQ 808.81 / A48</subfield>
    <subfield code="r">2026-06-18 19:52:31</subfield>
    <subfield code="t">EJ.1</subfield>
    <subfield code="w">2026-06-18</subfield>
    <subfield code="y">COLQ</subfield>
  </datafield>
  <datafield tag="952" ind1=" " ind2=" ">
    <subfield code="0">0</subfield>
    <subfield code="1">0</subfield>
    <subfield code="2">ddc</subfield>
    <subfield code="4">0</subfield>
    <subfield code="7">2</subfield>
    <subfield code="8">ESPQ</subfield>
    <subfield code="a">BPCEFC</subfield>
    <subfield code="b">BPCEFC</subfield>
    <subfield code="c">SALA QUER&#xC9;TARO ACCESO B PLANTA ALTA</subfield>
    <subfield code="d">2026-06-18</subfield>
    <subfield code="e">DONADO</subfield>
    <subfield code="l">0</subfield>
    <subfield code="o">CQ 808.81 / A48</subfield>
    <subfield code="r">2026-06-18 19:52:31</subfield>
    <subfield code="t">EJ.2</subfield>
    <subfield code="w">2026-06-18</subfield>
    <subfield code="y">COLQ</subfield>
  </datafield>
  <datafield tag="952" ind1=" " ind2=" ">
    <subfield code="0">0</subfield>
    <subfield code="1">0</subfield>
    <subfield code="2">ddc</subfield>
    <subfield code="4">0</subfield>
    <subfield code="7">2</subfield>
    <subfield code="8">ESPQ</subfield>
    <subfield code="a">BPCEFC</subfield>
    <subfield code="b">BPCEFC</subfield>
    <subfield code="c">SALA QUER&#xC9;TARO ACCESO B PLANTA ALTA</subfield>
    <subfield code="d">2026-06-18</subfield>
    <subfield code="e">DONADO</subfield>
    <subfield code="l">0</subfield>
    <subfield code="o">CQ 808.81 / A48</subfield>
    <subfield code="r">2026-06-18 19:52:31</subfield>
    <subfield code="t">EJ.3</subfield>
    <subfield code="w">2026-06-18</subfield>
    <subfield code="y">COLQ</subfield>
  </datafield>
  <datafield tag="999" ind1=" " ind2=" ">
    <subfield code="c">68636</subfield>
    <subfield code="d">68636</subfield>
  </datafield>
</record>
